00903 a2200169 45000010006000000050017000060080041000230030015000640400040000790800162001192450036002812640032003173000019003495050323003681000019006917000023007102387820260407155525.0260407a1981 arg spa dAR-UNSa-BCEJYS aAR-UNSa-BCEJYSbspacAR-UNSa-BCEJYS a51-7xEstudios y métodos matemáticos en otros campos del conocimiento. Matemáticas científicas. Matemáticas actuariales (Matemáticas Financieras)10aTratado de cálculo financiero 1aBuenos Aires :bTesisc1981 a921 p.c27 cm. a1. Operaciones financieras - 2. Operaciones financieras simples - 3. Operaciones complejas - 4. Constitución de capitales - 5. Reembolso de préstamos - 6. Empréstitos - 7. Empréstitos argentinos - 8. Valores mobiliarios-fondos de inversión - 9. Amortización de equipos - 10. Operaciones de capitalización1 aMurioni, Oscar1 aTrossero, Angel A.